Inolvidable Siglo XX /
| Hlavní autor: | |
|---|---|
| Médium: | Kniha |
| Jazyk: | španělština |
| Vydáno: |
Caracas, VE :
Red de Saberes, 2000
|
| Témata: |
MARC
| LEADER | 00000nam a2200000Ia 4500 | ||
|---|---|---|---|
| 008 | 170606b2000 ve ||||| |||| 00| | spa d | ||
| 999 | |c 1319 |d 1319 | ||
| 090 | |a 05.01.01 |b 1584 | ||
| 100 | 1 | |a García Delgado, Gladys |9 2909 | |
| 245 | 1 | 0 | |a Inolvidable Siglo XX / |c Gladys García Delgado |
| 260 | |a Caracas, VE : |b Red de Saberes, |b 2000 | ||
| 300 | |a 51 páginas | ||
| 650 | 1 | 4 | |a HISTORIA |9 22 |
| 650 | 1 | 4 | |a LITERATURA |9 655 |
| 651 | 4 | |9 2225 |a VENEZUELA | |
| 942 | |i 003151 |h 05.01.01 1584 |2 z |c 01 | ||
